Những việc cần làm ngay về xây dựng Đảng
Tập hợp 66 bài viết về công tác xây dựng Đảng, chỉnh đốn, đổi mới phương thức lãnh đạo, nghiêm túc phê bình và tự phê bình, nêu cao tính gương mẫu của cấp trên... được in đăng tải trên báo Nhân dân
সংরক্ষণ করুন:
| অন্যান্য লেখক: | , , , , |
|---|---|
| বিন্যাস: | গ্রন্থ |
| ভাষা: | Vietnamese |
| প্রকাশিত: |
H.
Chính trị Quốc gia
2013
|
| বিষয়গুলি: | |
| ট্যাগগুলো: |
ট্যাগ যুক্ত করুন
কোনো ট্যাগ নেই, প্রথমজন হিসাবে ট্যাগ করুন!
|
| Thư viện lưu trữ: | Mạng thư viện Đại học Đà Nẵng |
|---|
| LEADER | 01343aam a22003738a 4500 | ||
|---|---|---|---|
| 001 | 000019880 | ||
| 003 | 16321 | ||
| 005 | 20141125151106.0 | ||
| 008 | 141125s2013 viesd | ||
| 020 | |d 1000b | ||
| 041 | 0 | |a vie | |
| 082 | 1 | 4 | |2 14 |a 324.2597071 |b NH556V |
| 245 | 0 | 0 | |a Những việc cần làm ngay về xây dựng Đảng |c Nguyễn Phú Trọng, Lê Khả Phiêu, Nguyễn Thị Bình... |
| 260 | |a H. |b Chính trị Quốc gia |c 2013 | ||
| 300 | |a 443tr. |c 21cm | ||
| 500 | |a ĐTTS ghi: Báo Nhân dân | ||
| 520 | |a Tập hợp 66 bài viết về công tác xây dựng Đảng, chỉnh đốn, đổi mới phương thức lãnh đạo, nghiêm túc phê bình và tự phê bình, nêu cao tính gương mẫu của cấp trên... được in đăng tải trên báo Nhân dân | ||
| 600 | |1 7 | ||
| 650 | 7 | |2 Bộ TK TVQG |a Công tác tổ chức | |
| 650 | 7 | |2 Bộ TK TVQG |a Xây dựng Đảng | |
| 651 | 7 | |2 Bộ TK TVQG |a Việt Nam | |
| 700 | 1 | |a Vũ Oanh | |
| 700 | 1 | |a Nguyễn Thị Bình | |
| 700 | 1 | |a Nguyễn Phú Trọng | |
| 700 | 1 | |a Lê Khả Phiêu | |
| 700 | 1 | |a Phạm Thế Duyệt | |
| OWN | |a LSP | ||
| 999 | |a From the UDN01 | ||
| TYP | |a Monograph | ||
| TYP | |a Printed language | ||
| 980 | |a Mạng thư viện Đại học Đà Nẵng | ||